Statistical ten - year review of the municipality of Copenhagen 1983

Gespeichert in:
Bibliographische Detailangaben
Format: Buch
Sprache:Englisch
Veröffentlicht: Copenhagen Statistical Office 1983
Tags: Tag hinzufügen
Keine Tags, Fügen Sie das erste Tag hinzu!

MARC

LEADER 00000nam a2200000 4500
001 c116171
005 20250611081709.7
041 0 |a eng 
044 |a DK 
245 1 0 |a Statistical ten - year review of the municipality of Copenhagen 1983 
264 1 |a Copenhagen  |b Statistical Office  |c 1983 
300 |a 66 s.